000 00850nam a2200265Ia 4500
003 OSt
005 20221005103919.0
006 a|||||r|||| 00| 0
007 ta
008 221004b |||||||| |||| 00| 0 hin d
020 _c110
024 _a121530
037 _b13337, 23/07/2012, Kitab Ghar
_cTextual
040 _aCRL
_cCRL
_bhin
041 _2hin
_ahin
082 _aO152,3:g, M7
100 _aतिवारी, सुरेन्द्र
245 0 _aकथारंग
246 _aKathāranga
260 _aदिल्ली
_bकिताबघर भारत
_c1987
300 _a336पृ0
_ccm.
650 _aहिन्दी साहित्य
942 _hO152,3:g, M7
_cTEXL
_2cc
999 _c1011259
_d1011259